Una en otra

Збережено в:
Бібліографічні деталі
Автор: Caballero, Fernán (Автор)
Формат: Книга
Мова:Іспанська
Опубліковано: Madrid Antonino Romero 1911
Серія:Obras, 12
Предмети:
Теги: Додати тег
Немає тегів, Будьте першим, хто поставить тег для цього запису!

MARC

LEADER 00000nam a2200000 a 4500
001 UCM5679
003 CL-VaPUC
008 021018e19110000SP |||||||||||||||||spa|d
082 0 4 |a 863  |b CAB  |2 21 
100 0 |a Caballero, Fernán  |e author  |9 378233 
245 1 4 |a Una en otra 
246 1 0 |a Con mal o con bien: a los tuyos te ten 
300 |a 264 p 
942 |c BK 
945 |d 20021018 00:00:00  |a vberengu 
260 |a Madrid  |b Antonino Romero  |c 1911 
650 0 |a Novelas españolas  |9 265052 
650 0 |a Literatura española  |9 306261 
583 |a last modification  |c 20021018 00:00:00  |k Rodrigo Vera 
490 0 |a Obras, 12 
999 |c 301539  |d 301537 
952 |0 0  |1 0  |4 0  |6 863_000000000000000_CAB_1911  |7 0  |8 A  |9 360623  |a FDOPOS  |b FDOPOS  |d 2019-11-21  |i 3847721  |o 863 CAB 1911  |p 3847721  |r 2025-01-22  |w 2019-11-21  |y BK  |k MLH